100 best chess players by FIDE-rating of April 2026 - Statistics

General Stats
  • This quiz has been taken 31 times
  • The average score is 45 of 100
Answer Stats
Ranking Chess Player Federation FIDE-Rating Birthyear % Correct
3 Fabiano Caruana United States 2793 1992
100%
2 Hikaru Nakamura United States 2810 1987
100%
1 Magnus Carlsen Norway 2840 1990
100%
6 Alireza Firouzja France 2759 2003
96%
9 Anish Giri Netherlands 2753 1994
92%
11 Javokhir Sindarov Uzbekistan 2745 2005
88%
5 Vincent Keymer Germany 2762 2004
88%
8 Wei Yi China 2754 1999
88%
4 Nodirbek Abdusattorov Uzbekistan 2780 2004
83%
15 Gukesh Dommaraju India 2732 2006
79%
12 Praggnanandhaa Rameshbabu India 2741 2005
79%
7 Wesley So United States 2754 1993
79%
20 Hans Moke Niemann United States 2728 2003
75%
13 Jan-Krzysztof Duda Poland 2739 1998
75%
25 Maxime Vachier-Lagrave France 2717 1990
75%
10 Arjun Erigaisi India 2751 2003
71%
14 Jorden van Foreest Netherlands 2736 1999
71%
21 Levon Aronian United States 2724 1982
71%
17 Quang Liem Le Vietnam 2731 1991
71%
19 Richard Rapport Hungary 2729 1996
71%
29 Santosh Gujrathi Vidit India 2708 1994
71%
32 Andrey Esipenko Russia 2698 2002
67%
18 Ian Nepomniachtchi Russia 2729 1990
67%
23 Parham Maghsoodloo Iran 2720 2000
67%
34 Matthias Bluebaum Germany 2695 1997
63%
22 Nihal Sarin India 2723 2004
63%
26 Yangyi Yu China 2717 1994
63%
16 Leinier Dominguez Perez United States 2732 1983
58%
50 Nils Grandelius Sweden 2662 1993
58%
38 Yagiz Kaan Erdogmus Turkey 2687 2011
58%
27 Shakhriyar Mamedyarov Aazerbaijan 2715 1985
54%
30 Vladimir Fedoseev Slovenia 2703 1995
54%
31 Amin Tabatabaei Iran 2700 2001
50%
47 David Howell England 2665 1990
50%
36 Nodirbek Yakubboev Uzbekistan 2689 2002
50%
44 Peter Leko Hungary 2676 1979
50%
76 Aryan Tari Norway 2642 1999
46%
59 Daniil Dubov Russia 2654 1996
46%
28 Dmitry Andreikin Russia 2710 1990
46%
61 Ray Robson United States 2653 1994
46%
65 Sam Shankland United States 2651 1991
46%
33 Samuel Sevian United States 2696 2000
46%
37 Teimour Radjabov Azerbaijan 2689 1987
46%
24 Awonder Liang United States 2718 2003
42%
72 David Navara Czechia 2643 1985
42%
40 Hao Wang China 2684 1989
42%
56 Jeffery Xiong United States 2656 2000
42%
78 Alexander Grischuk Russia 2641 1983
38%
99 Bassem Amin Egypt 2628 1988
38%
90 Boris Gelfand Israel 2635 1968
38%
35 Chithambaram Aravindh India 2693 1999
38%
91 Ediz Gurel Turkey 2635 2008
38%
98 Michael Adams England 2629 1971
38%
41 Pavel Eljanov Ukraine 2682 1983
38%
42 Peter Svidler Russia 2682 1976
38%
46 Xiangzhi Bu China 2666 1985
38%
51 Alexey Sarana Serbia 2658 2000
33%
71 Francisco Vallejo Pons Spain 2644 1982
33%
60 Ivan Saric Croatia 2654 1990
33%
49 Radoslaw Wojtaszek Poland 2662 1987
33%
87 Rauf Mamedov Azerbaijan 2636 1988
33%
79 Shamsiddin Vokhidov Uzbekistan 2641 2002
33%
63 Alexander Morozevich Russia 2653 1977
29%
88 Andy Woodward United States 2635 2010
29%
54 David Anton Guijarro Spain 2656 1995
29%
97 Etienne Bacrot France 2631 1983
29%
81 Frederik Svane Germany 2640 2004
29%
83 Gawain Maroroa Jones England 2639 1987
29%
73 Grigoriy Oparin United States 2643 1997
29%
55 Kirill Alekseenko Austria 2656 1997
29%
45 Nikita Vitiugov England 2667 1987
29%
86 Ruslan Ponomariov Ukraine 2636 1983
29%
82 Salem Saleh UAE 2640 1993
29%
80 Vladislav Artemiev Russia 2641 1998
29%
57 Volodar Murzin Russia 2655 2006
29%
58 Bogdan-Daniel Deac Romania 2655 2001
25%
53 Johan-Sebastian Christiansen Norway 2657 1998
25%
89 Nikolas Theodorou Greece 2635 2000
25%
43 Pentala Harikrishna India 2676 1986
25%
48 Rustam Kasimdzhanov Uzbekistan 2662 1979
25%
74 Alexander Donchenko Germany 2642 1998
21%
62 Ernesto Inarkiev Russia 2653 1985
21%
39 Igor Kovalenko Ukraine 2685 1988
21%
70 Jose Eduardo Martinez Alcantara Mexico 2646 1999
21%
75 Raunak Sadhwani India 2642 2005
21%
85 Anton Demchenko Slovenia 2636 1987
17%
96 Aram Hakobyan Armenia 2631 2001
17%
84 Aryan Chopra India 2637 2001
17%
64 Aydin Suleymanli Azerbaijan 2653 2005
17%
95 Dmitrij Kollars Germany 2632 1999
17%
67 Eltaj Safarli Azerbaijan 2648 1992
17%
92 Haik Martirosyan Armenia 2633 2000
17%
68 Maksim Chigaev Spain 2647 1996
17%
66 Murali Karthikeyan India 2648 1999
17%
77 Shanglei Lu China 2642 1995
17%
69 Shant Sargsyan Armenia 2647 2002
17%
93 Thai Dai Van Nguyen Czechia 2633 2001
17%
52 Pranav Venkatesh India 2657 2006
13%
100 Aleksey Grebnev Russia 2627 2006
8%
94 Pranesh Munirethinam India 2632 2006
8%
No matching quizzes found
Score Distribution
Percent of People with Each Score
Percentile by Number Answered
Your Score History
You have not taken this quiz